El progresismo: inquietud y esperanza

Salvato in:
Dettagli Bibliografici
Autore principale: Lepp, Ignace (Autore)
Natura: Libro
Lingua:spagnolo
Pubblicazione: Barcelona Fontanella 1968
Soggetti:
Tags: Aggiungi Tag
Nessun Tag, puoi essere il primo ad aggiungerne!!

MARC

LEADER 00000nam a2200000 a 4500
001 UCR9021
003 CL-VaPUC
008 980605e19680000SP |||||||||||||||||spa|d
082 0 4 |a 261.6  |b LEP  |2 21 
100 |a Lepp, Ignace  |e author  |9 588465 
245 1 3 |a El progresismo: inquietud y esperanza 
300 |a 275 p 
942 |c BK 
945 |d 19980605 00:00:00  |a aalvarez 
260 |a Barcelona  |b Fontanella  |c 1968 
600 0 |a Iglesia católica  |9 255129 
650 0 |a Política  |9 255312 
650 0 |a Problemas sociales  |9 258537 
583 |a last modification  |c 19980605 00:00:00  |k Rodrigo Vera 
999 |c 270270  |d 270268 
952 |0 0  |1 0  |4 0  |6 261_600000000000000_LEP_1968  |7 0  |8 A  |9 304456  |a BIBTEO  |b BIBTEO  |d 2019-11-20  |i 3382931  |o 261.6 LEP 1968  |p 3382931  |r 2025-01-17  |w 2019-11-20  |y BK  |k ICR